000 00724nam a22002177a 4500
003 LK-CoDNM
005 20241111152544.0
008 241015b |||||||| |||| 00| 0 eng d
040 _aLK-CoDNM
_dLK-CoDNM
_eLK-CoDNM
041 _asin
080 _aප්‍ර.ස
_b154
245 _aසුභාසෝදය-1914
_b1 කාණ්ඩය 8 කලාපය
260 _c1914
_aමොල්ලිගොඩ
_bලඞකා විශ්‍රැත මුද්‍රණාලය
300 _b16p. ; 24 cm
650 _aසුභාසෝදය-1914
650 _a1 කාණ්ඩය 8 කලාපය
650 _aමාසික සගරාව
650 _aප්‍ර.ස 154
650 _a1914
942 _cBK
999 _c229014
_d229014